000 01074nam a22003137a 4500
003 CHAP
005 20220329141637.0
008 971013s1982 r 00010 d
010 _a71565
011 _a72537
035 _a82093
040 _cCHAP
090 _aTesis
100 0 0 _aAguilar Armendáriz, Luis Alberto.
_92648
245 _aFertilización de la cebolla (Allium cepa L.) en suelos calcáreos y factores que la afectan en Apodaca, N.L.
260 _a(Monterrey, N.L.) :
_bEl autor,
_c1982
300 _a43 h.
502 _aTesis (Ing. Agr. en Producción) -- ITESM. Div. de Ciencias Agropecuarias y Marítimas
590 _aALEPH
_b10
_c20130110
_lUCH01
_h1412
590 _aBATCH-UPD
_b10
_c20130110
_lUCH01
_h0435
590 _aBATCH-UPD
_b10
_c20130410
_lUCH01
_h0111
590 _aBATCH-UPD
_b10
_c20130913
_lUCH01
_h2325
590 _aCONVERSION
_b10
_c20130109
_lUCH01
_h1339
650 1 4 _aFertilizantes
_xEfecto en cebolla.
_940491
650 1 4 _aSuelos calcáreos.
_9110539
901 _aBK
942 _cTESIS
949 _bBC
_cTES
_d-35914
_eTS1
_i82093
_si
999 _c71565
_d71565